The Digitalization of the 21st Century Supply Chain (Record no. 40140)

MARC details
000 -LEADER
fixed length control field 00486nam a2200181Ia 4500
003 - CONTROL NUMBER IDENTIFIER
control field OSt
005 - DATE AND TIME OF LATEST TRANSACTION
control field 20250124164810.0
008 - FIXED-LENGTH DATA ELEMENTS--GENERAL INFORMATION
fixed length control field 241228s9999 xx 000 0 und d
020 ## - INTERNATIONAL STANDARD BOOK NUMBER
International Standard Book Number 9780367516789
040 ## - CATALOGING SOURCE
Transcribing agency KUDSIT
082 ## - DEWEY DECIMAL CLASSIFICATION NUMBER
Classification number 658.7 ROS/D
100 ## - MAIN ENTRY--PERSONAL NAME
Personal name Rosenberg, Stuart M.
245 #4 - TITLE STATEMENT
Title The Digitalization of the 21st Century Supply Chain
260 ## - PUBLICATION, DISTRIBUTION, ETC.
Place of publication, distribution, etc. New York,
Name of publisher, distributor, etc. Routledge,
Date of publication, distribution, etc. 2021
300 ## - PHYSICAL DESCRIPTION
Extent xi, 252p.
500 ## - GENERAL NOTE
General note Supplied by Modern Book Centre, TVPM
942 ## - ADDED ENTRY ELEMENTS (KOHA)
Koha item type Books
Source of classification or shelving scheme Dewey Decimal Classification
Holdings
Withdrawn status Lost status Source of classification or shelving scheme Damaged status Not for loan Home library Current library Date acquired Total Checkouts Full call number Barcode Date last seen Price effective from Koha item type
    Dewey Decimal Classification     Kerala University of Digital Sciences, Innovation and Technology Knowledge Centre Kerala University of Digital Sciences, Innovation and Technology Knowledge Centre 28/12/2024   658.7 ROS/D 8539 28/12/2024 28/12/2024 Books